Phương pháp dạy học các nội dung môn toán Giáo trình dành cho các trường cao đẳng sư phạm (giáo trình thí điểm)
Đã lưu trong:
| Hovedforfatter: | |
|---|---|
| Andre forfattere: | , |
| Format: | Bog |
| Sprog: | Vietnamese |
| Udgivet: |
Hà Nội
Trường Cao Đẳng Sư phạm
|
| Fag: | |
| Tags: |
Tilføj Tag
Ingen Tags, Vær først til at tagge denne postø!
|
| Thư viện lưu trữ: | Trung tâm Học liệu Lê Vũ Hùng, Trường Đại học Đồng Tháp |
|---|
| LEADER | 00940pam a22002418a 4500 | ||
|---|---|---|---|
| 001 | 00043466 | ||
| 005 | 20190103090118.0 | ||
| 008 | 130409s2011 ||||||viesd | ||
| 041 | 0 | # | |a vie |
| 082 | 1 | # | |a 510.7 |b PH561PH |
| 100 | 1 | # | |a Phạm, Gia Đức |
| 245 | 0 | 0 | |a Phương pháp dạy học các nội dung môn toán |b Giáo trình dành cho các trường cao đẳng sư phạm (giáo trình thí điểm) |c Phạm Gia Đức; Bùi Huy Ngọc; Phạm Đức Quang |
| 260 | # | # | |a Hà Nội |b Trường Cao Đẳng Sư phạm |
| 300 | # | # | |a 272 tr. |c 24 cm. |
| 653 | # | # | |a Cao đẳng sư phạm |
| 653 | # | # | |a phương pháp dạy học |
| 653 | # | # | |a Toán học |
| 653 | # | # | |a Giáo trình |
| 700 | 1 | # | |a Phạm, Đức Quang |
| 700 | 1 | # | |a Bùi, Huy Ngọc |
| 852 | # | # | |j KD.0024441 |
| 910 | # | # | |d 3/1/2019 |
| 980 | # | # | |a Trung tâm Học liệu Lê Vũ Hùng, Trường Đại học Đồng Tháp |